000 00359nam a2200133 i 4500
001 bg
100 1 _aMEJBAUM, W.
245 1 0 _aTeoria wiedzy i metodologia nauk empirycznych.
_nCz. 1,
_pŚwiat jako przedmiot wiedzy /
_cW. Mejbaum.
260 _aWrocław,
_c1983.
040 _cBPK
041 _apol
942 _cKS
008 s pl f |000 0 pol
999 _c21718
_d21718
856 _uhttp://koha.tu.koszalin.pl/cgi-bin/koha/opac-detail.pl?biblionumber=21718
_yKatalog online BPK